000 00515nam a2200169 a 4500
001 4030
005 20140414131913.0
008 081118s19uu xx 00 eng d
020 _a0-439-70908-3
050 _aER
_bEl1 2003
100 _aIrvine, Margaret Chodos
245 _aElla Sarah gets dressed /
_cMargaret Chodos-Irvine.
260 _aNew York :
_bScholastic Inc,
_c2003.
300 _a1 v. (unp.) ; ill.
650 _aClothes (Juvenile Fiction).
_xChildren stories (Juvenile literature)
999 _c111295
_d111295